000 00413nam a2200157Ia 4500
008 210716s2012 xx 000 0 und d
020 _a9788132110392
041 _aeng
082 _a651.7 SPAD
100 _aSpark, David: Harris, Geoffrey
245 _aPractical newspaper reporting.
250 _a1
260 _aNew Delhi
_bSage Publications
_c2012
300 _axiv,210
650 _aBusiness Communication
999 _c211349
_d211349